Human resource management : (Record no. 51016)

MARC details
000 -LEADER
fixed length control field 00910nam a22002657a 4500
005 - DATE AND TIME OF LATEST TRANSACTION
control field 20110311144648.0
008 - FIXED-LENGTH DATA ELEMENTS--GENERAL INFORMATION
fixed length control field 110311t xxu||||| |||| 00| 0 eng d
010 ## - LCCN (DPL NO)
LC control number ENG-102108
020 ## - INTERNATIONAL STANDARD BOOK NUMBER
International Standard Book Number 9788184840896
Terms of availability 3200.00
035 ## - SYSTEM CONTROL NUMBER
System control number EN-85641
037 ## - SOURCE OF ACQUISITION
Source of stock number/acquisition DBAD / PUB
040 ## - CATALOGING SOURCE
Original cataloging agency dpl
Language of cataloging Eng
082 ## - DEWEY DECIMAL CLASSIFICATION NUMBER
Classification number 658.3
100 ## - MAIN ENTRY--PERSONAL NAME
9 (RLIN) 26476
245 ## - TITLE STATEMENT
Title Human resource management :
Statement of responsibility, etc edited by S. Mohan [and] R. Elangovan
Remainder of title text and cases /
260 ## - PUBLICATION, DISTRIBUTION, ETC. (IMPRINT)
Place of publication, distribution, etc New Delhi
Name of publisher, distributor, etc Regal Publications
Date of publication, distribution, etc 2011
270 ## - ADDRESS
Address F-159, Rajouri Garden
City New Delhi
Postal code 110027
300 ## - PHYSICAL DESCRIPTION
Extent xii, 696p.
Dimensions 23cm (Hb)
500 ## - GENERAL NOTE
General note Includes index
650 ## - SUBJECT ADDED ENTRY--TOPICAL TERM
9 (RLIN) 26478
700 ## - ADDED ENTRY--PERSONAL NAME
9 (RLIN) 26477
Personal name Mohan, S.
700 ## - ADDED ENTRY--PERSONAL NAME
Personal name Elangovan, R.
9 (RLIN) 26505
942 ## - ADDED ENTRY ELEMENTS (KOHA)
Source of classification or shelving scheme Dewey Decimal Classification
Item type English Books
Call number suffix HUM
Classification part 658.3
Holdings
Withdrawn status Lost status Source of classification or shelving scheme Damaged status Not for loan Collection code Home library Current library Date acquired Source of acquisition Cost, normal purchase price Total Checkouts Full call number Barcode Date last seen Copy number Cost, replacement price Koha item type
    Dewey Decimal Classification   Not For Loan Non-fiction D.B.Act.Division D.B.Act.Division 11/03/2011 DBAD/PUB 3200.00   658.3 HUM EN-85641 11/03/2011 1 3200.00 English Books

© Delhi Public Library
Hit Counter
free hit counter